Größte deutsche Städte mit -en - Statistiken

Allgemein
  • Dieses Quiz wurde 473 mal gespielt
    416 seit der letzten Aktualisierung
  • Das Durchschnittsergebnis liegt bei 14 aus 30
Antwortstatistiken
Antwort % Korrekt
1,5 M München
99%
563 T Bremen
82%
555 T Dresden
79%
579 T Essen
72%
260 T Gelsenkirchen
64%
278 T Wiesbaden
63%
249 T Aachen
61%
179 T Saarbrücken
56%
208 T Oberhausen
54%
158 T Solingen
53%
163 T Leverkusen
50%
113 T Bremerhaven
47%
188 T Hagen
47%
172 T Ludwigshafen
47%
110 T Recklinghausen
47%
116 T Reutlingen
46%
113 T Erlangen
44%
116 T Göttingen
43%
116 T Tübingen
42%
91 T Gießen
40%
101 T Siegen
40%
93 T Esslingen
34%
93 T Düren
28%
75 T Wilhelmshaven
26%
81 T Minden
23%
86 T Villingen-Schwenningen
18%
95 T Witten
16%
69 T Kempten
15%
63 T Plauen
14%
87 T Lünen
12%
Keine übereinstimmenden Quizze gefunden
Verteilung der Resultate
Anzahl Personen mit jedem Resultat
Perzentil nach korrekt beantworteten Fragen
Ihre Resultats-Entwicklung
Sie haben dieses Quiz seit der letzten Aktualisierung nicht gespielt